Handbook of research on techno-entrepreneurship : (Record no. 18135)
[ view plain ]
| 000 -LEADER | |
|---|---|
| fixed length control field | 01193cam a22003015a 4500 |
| 001 - CONTROL NUMBER | |
| control field | 016508767 |
| 003 - CONTROL NUMBER IDENTIFIER | |
| control field | OSt |
| 005 - DATE AND TIME OF LATEST TRANSACTION | |
| control field | 20150623095305.0 |
| 008 - FIXED-LENGTH DATA ELEMENTS--GENERAL INFORMATION | |
| fixed length control field | 130820t2013 enkadk frbf 001 0 eng d |
| 020 ## - INTERNATIONAL STANDARD BOOK NUMBER | |
| International Standard Book Number | 9781781951811 (hbk.) |
| 020 ## - INTERNATIONAL STANDARD BOOK NUMBER | |
| International Standard Book Number | 9781781951828 (ebook) |
| 040 ## - CATALOGING SOURCE | |
| Original cataloging agency | StDuBDS |
| Language of cataloging | eng |
| Transcribing agency | StDuBDS |
| Modifying agency | EG-ScBUE |
| 082 04 - DEWEY DECIMAL CLASSIFICATION NUMBER | |
| Classification number | 658.421 |
| Item number | HAN |
| Edition number | 22 |
| 245 00 - TITLE STATEMENT | |
| Title | Handbook of research on techno-entrepreneurship : |
| Remainder of title | how technology and entrepreneurship are shaping the development of industries and companies / |
| Statement of responsibility, etc | edited by François Thérin. |
| 250 ## - EDITION STATEMENT | |
| Edition statement | 2nd ed. |
| 260 ## - PUBLICATION, DISTRIBUTION, ETC. (IMPRINT) | |
| Place of publication, distribution, etc | Cheltenham ; |
| -- | Northampton : |
| Name of publisher, distributor, etc | Edward Elgar, |
| Date of publication, distribution, etc | c.2013 |
| Place of manufacture | (Padstow, United Kingdom : |
| Manufacturer | T. J. International Ltd.) |
| 300 ## - PHYSICAL DESCRIPTION | |
| Extent | xii. 384 p. : |
| Other physical details | charts, forms, tables ; |
| Dimensions | 23 cm. |
| 500 ## - GENERAL NOTE | |
| General note | Index : p. 369-384. |
| 504 ## - BIBLIOGRAPHY, ETC. NOTE | |
| Bibliography, etc | Includes bibliographical references. |
| 650 #0 - SUBJECT ADDED ENTRY--TOPICAL TERM | |
| Topical term or geographic name as entry element | High technology industries |
| General subdivision | Management |
| 9 (RLIN) | 33836 |
| Source of heading or term | BUEsh |
| 650 #0 - SUBJECT ADDED ENTRY--TOPICAL TERM | |
| Topical term or geographic name as entry element | Technological innovations |
| General subdivision | Management |
| Source of heading or term | BUEsh |
| 9 (RLIN) | 33837 |
| 650 #0 - SUBJECT ADDED ENTRY--TOPICAL TERM | |
| Topical term or geographic name as entry element | Entrepreneurship. |
| Source of heading or term | BUEsh |
| 651 ## - SUBJECT ADDED ENTRY--GEOGRAPHIC NAME | |
| Source of heading or term | BUEsh |
| 653 ## - INDEX TERM--UNCONTROLLED | |
| Resource For college | Engineering, General |
| -- | BAEPS, Business Administration |
| Arrived date list | March2014 |
| -- | June2015 |
| 655 ## - INDEX TERM--GENRE/FORM | |
| Form subdivision | |
| -- | 34232 |
| 700 1# - ADDED ENTRY--PERSONAL NAME | |
| Personal name | Thérin, François, |
| Relator term | editor. |
| 9 (RLIN) | 35715 |
| 942 ## - ADDED ENTRY ELEMENTS (KOHA) | |
| Source of classification or shelving scheme | Dewey Decimal Classification |
| Call number prefix | 658.421 HAN |
| Withdrawn status | Item status | Source of classification or shelving scheme | Damaged status | Not for loan | Vendor | Home library | Current library | Shelving location | Date acquired | Source of acquisition | Cost, normal purchase price | Total Checkouts | Full call number | Barcode | Date last seen | Cost, replacement price | Koha item type |
|---|---|---|---|---|---|---|---|---|---|---|---|---|---|---|---|---|---|
| Dewey Decimal Classification | Baccah | Central Library | Central Library | First floor | 20/03/2014 | 1480.00 | 658.421 HAN | 000035769 | 15/07/2025 | 1850.00 | Book - Borrowing | ||||||
| Dewey Decimal Classification | Baccah | Central Library | Central Library | First floor | 11/06/2015 | 1280.00 | 658.421 HAN | 000038406 | 15/07/2025 | 1600.00 | Book - Borrowing |